000 00758nam a2200217Ii 4500
003 JO-AjNU
008 230605s9999||||xx |||||||||||||| ||und||
017 _a1986/742
040 _aJO-AjNU
_bara
_erda
_cJO-AjNU
041 _aara
050 1 4 _aPG3328.Z532 1986
100 3 _aتأليف برديائف، نيقولا ؛ ترجمة فؤاد كامل,
_eauthor
_935657
245 0 0 _aرؤية دوستويفسكي للعالم
264 3 1 _aبغداد:دار الشؤون الثقافية العامة,1986
300 _a196ص
336 _atext
_btxt
_2rdacontent
337 _aunmediated
_bn
_2rdamedia
338 _avolume
_bnc
_2rdacarrier
490 0 _aسلسلة المائة كتاب
650 4 _aرؤية دوستويفسكي للعالم
_935658
999 _aA14742
_c18310
_d18310